Statistics for Sports Trivia #4

Click here to take the quiz!

General Stats

  • This quiz has been taken 49 times
  • The average score is 8 of 15

Answer Stats

HintAnswer% Correct
How many defensive linemen are on the field at one time in a NFL game typically?4
93%
Which NBA player is known as the "brow" for his unibrow?
Anthony Davis
88%
What is the name of the Superbowl trophy?Lombardi
81%
The Chicago Bulls retired #33 after which player?
Scottie Pippen
74%
The MLB team the Expos were from where?Montreal
70%
Who is the all-time assist leader in the NBA?
John Stockton
67%
JJ Watt and Russell Wilson both attended which university?Wisconsin
60%
Which college did Larry Bird attend?Indiana State
56%
Where did Matt Ryan attend college?Boston College
51%
"Bear Bryant" is known for coaching at what college school?Alabama
49%
A hockey goal that is scored when the goalie has been pulled is also called a?
Empty Netter
40%
Which team drafted Mario Williams with the #1 overall pick in the NFL?Texans
40%
Who was the only rookie on the '92 dream team?Christian Laettner
33%
Which athlete is known as the "Flying Tomato"?Shaun White
21%
What does the "green dot" on a helmet represent in the NFL?signal caller
5%

Score Distribution

Percentile by Number Answered

Percent of People with Each Score

Your Score History

You have not taken this quiz